| 000 | 00994nam a2200289Ia 4500 | ||
|---|---|---|---|
| 003 | OSt | ||
| 005 | 20220927105914.0 | ||
| 006 | a|||||r|||| 00| 0 | ||
| 007 | ta | ||
| 008 | 220926b |||||||| |||| 00| 0 eng d | ||
| 020 | _a9971902478 | ||
| 024 | _a27553 | ||
| 037 | _cReference Collections | ||
| 040 |
_aRTL _cRTL _beng |
||
| 041 |
_2eng _aeng |
||
| 082 | _a"X:533.5,h0aV43, M2" | ||
| 100 |
_aAkrasanee Narongchi _9375658 |
||
| 111 |
_aConference on Asean EEC Economic Relations (1981 : Singapore) _9375659 |
||
| 245 | 0 | _aPROCEEDING OF A CONFERENCE ON Ed by Narongehai Akrasanee and Hans C | |
| 260 |
_aSingapore _bInstitute of Southeast Asian Studies _c1982 |
||
| 300 |
_a387p. Bib p. 377-80 _ccm. |
||
| 500 | _a"Institute of Southeast Asian Studies, Asian Economic Research Unit Publication" | ||
| 650 |
_a Tree Trade _9355581 |
||
| 650 | _aEconomics | ||
| 942 |
_h"X:533.5,h0aV43, M2" _cCC |
||
| 999 |
_c695186 _d695186 |
||